Marie-Madeleine (Record no. 172545)

MARC details
000 -LEADER
campo de control de longitud fija 00890nam a2200241 i 4500
001 - NÚMERO DE CONTROL
campo de control 172545
003 - IDENTIFICADOR DE NÚMERO DE CONTROL
campo de control ES-MaACL
005 - FECHA Y HORA DE LA ÚLTIMA TRANSACCIÓN
campo de control 20230906214941.0
008 - DATOS DE LONGITUD FIJA--INFORMACIÓN GENERAL
campo de control de longitud fija 090716s1973 fr |||| | fre d
080 ## - NÚMERO DE LA CLASIFICACIÓN DECIMAL UNIVERSAL
Número de la Clasificación Decimal Universal 821.112.2-21"18"
100 1# - ENTRADA PRINCIPAL--NOMBRE DE PERSONA
Nombre de persona Hebbel, Friedrich (
Fechas asociadas al nombre 1813-1863)
9 (RLIN) 157462
245 10 - MENCIÓN DEL TÍTULO
Título Marie-Madeleine
Resto del título = (Maria Magdalene) /
Mención de responsabilidad, etc. Hebbel ; traduction et préface de Louis Brun.
260 ## - PUBLICACIÓN, DISTRIBUCIÓN, ETC.
Lugar de publicación, distribución, etc. Paris :
Nombre del editor, distribuidor, etc. Aubier, Éditions Montaigne,
Fecha de publicación, distribución, etc. [1973]
300 ## - DESCRIPCIÓN FÍSICA
Extensión 183 p. ;
Dimensiones 19 cm.
490 1# - MENCIÓN DE SERIE
Mención de serie Collection bilingue des classiques étrangers
504 ## - NOTA DE BIBLIOGRAFÍA, ETC.
Nota de bibliografía, etc. Bibliografía : p. [171]-177.
546 ## - NOTA DE IDIOMA
Nota de lengua/lenguaje Texto alemán y traducción francesa.
700 1# - ENTRADA AGREGADA--NOMBRE PERSONAL
Nombre de persona Brun, Louis.
9 (RLIN) 141096
830 0# - PUNTO DE ACCESO ADICIONAL DE SERIE-TÍTULO UNIFORME
Título uniforme Collection bilingue des classiques étrangers
9 (RLIN) 187404
852 ## - LOCALIZACIÓN
Ubicación ES-MaACL
Número de control de estantería E-12862
itemnumber R.139446
Nota libre .- Biblioteca Jacinto Martínez Lacalle
Holdings
Estatus retirado Estado de pérdida Estado de daño No para préstamo Biblioteca de origen Biblioteca actual Ubicación en estantería Fecha de adquisición Fuente de adquisición Total de préstamos Signatura topográfica completa Código de barras Visto por última vez Precio de reemplazo Tipo de ítem Koha
        Biblioteca del Ateneo de Madrid Biblioteca del Ateneo de Madrid Depósito 2 16/07/2009     E-12862 1181072 23/02/2023 23/02/2023 Libro impreso